000 00662nam a2200241 4500
003 OSt
005 20260601193853.0
008 260417b1974 it a|||| |||| 00| 0 ita d
040 _aICI
_bspa
_cICI
041 _aita
050 _aNC997
_bA4C36 1974
100 1 _aOlivetti
_932620
240 _a107 grafici dell' agi :
_lita
243 _a107 grafici dell' agi :
245 1 _a101 grafici dell'AGI
_bAlliance Graphique Internationale
264 _bAlfieri Editore
_c1974
_aVenezia
300 _a202 páginas
336 _atexto
_2rdacontent
337 _asin medio
_2rdamedia
338 _avolumen
_2rdacarrier
650 _aArte comercial
942 _2ddc
_cB
999 _c21933
_d21933